Junie B. Jones and the stupid smelly bus (Record no. 2401)
[ view plain ]
| 000 -LEADER | |
|---|---|
| fixed length control field | 01436pam a2200325 a 4500 |
| 005 - DATE AND TIME OF LATEST TRANSACTION | |
| control field | 20250307150951.0 |
| 020 ## - INTERNATIONAL STANDARD BOOK NUMBER | |
| International Standard Book Number | 9780439136839 |
| 040 ## - CATALOGING SOURCE | |
| Original cataloging agency | DLC |
| Transcribing agency | DLC |
| Modifying agency | DLC |
| Language of cataloging | eng |
| 050 00 - LIBRARY OF CONGRESS CALL NUMBER | |
| Classification number | PZ7.P2197 |
| 082 00 - DEWEY DECIMAL CLASSIFICATION NUMBER | |
| Classification number | 813.54 |
| 100 1# - MAIN ENTRY--PERSONAL NAME | |
| Personal name | Park, Barbara. |
| 245 10 - TITLE STATEMENT | |
| Title | Junie B. Jones and the stupid smelly bus |
| Statement of responsibility, etc. | by Barbara Park ; illustrated by Denise Brunkus |
| 250 ## - EDITION STATEMENT | |
| Edition statement | First Scholastic printing , September 1998 |
| 260 ## - PUBLICATION, DISTRIBUTION, ETC. | |
| Place of publication, distribution, etc. | New York : |
| Name of publisher, distributor, etc. | Scholastic |
| Date of publication, distribution, etc. | 1992 |
| 300 ## - PHYSICAL DESCRIPTION | |
| Extent | 69 pages |
| Other physical details | illustrations |
| Dimensions | 20 cm |
| 490 1# - SERIES STATEMENT | |
| Series statement | Junie B.Jones |
| Volume/sequential designation | Book 1 |
| 500 ## - GENERAL NOTE | |
| General note | Series title and number from v. 5. |
| 500 ## - GENERAL NOTE | |
| General note | "A First stepping stone book." |
| 505 ## - FORMATTED CONTENTS NOTE | |
| Formatted contents note | L <br/> |
| 520 ## - SUMMARY, ETC. | |
| Summary, etc. | "Hilarious. Barbara Park makes reading fun." --Dav Pilkey, author of Dog Man Barbara Park's #1 New York Times bestselling chapter book series, Junie B. Jones, has been keeping kids laughing--and reading--for more than twenty-five years. Over 65 million copies sold! Meet the World's Funniest Kindergartner--Junie B. Jones! Remember when it was scary to go to school? In the first Junie B. Jones book, it's Junie B.'s first day and she doesn't know |
| 521 ## - TARGET AUDIENCE NOTE | |
| Target audience note | 520 <br/> |
| Source | Lexile <br/> |
| 521 ## - TARGET AUDIENCE NOTE | |
| Target audience note | L <br/> |
| Source | Raz-Plus <br/> |
| 650 #1 - SUBJECT ADDED ENTRY--TOPICAL TERM | |
| Topical term or geographic name entry element | Kindergarten |
| General subdivision | Fiction. |
| 650 #1 - SUBJECT ADDED ENTRY--TOPICAL TERM | |
| Topical term or geographic name entry element | School buses |
| General subdivision | Fiction. |
| 650 #1 - SUBJECT ADDED ENTRY--TOPICAL TERM | |
| Topical term or geographic name entry element | Schools |
| General subdivision | Fiction. |
| 700 1# - ADDED ENTRY--PERSONAL NAME | |
| Personal name | Brunkus, Denise |
| Relator term | illustrator |
| 906 ## - LOCAL DATA ELEMENT F, LDF (RLIN) | |
| a | 7 |
| b | cbc |
| c | orignew |
| d | 1 |
| e | ocip |
| f | 19 |
| g | y-gencatlg |
| 942 ## - ADDED ENTRY ELEMENTS (KOHA) | |
| Source of classification or shelving scheme | Dewey Decimal Classification |
| Koha item type | Books |
| Suppress in OPAC | No |
| 999 ## - | |
| -- | 2401 |
| -- | 2401 |
| Withdrawn status | Lost status | Source of classification or shelving scheme | Damaged status | Not for loan | Collection | Home library | Current library | Shelving location | Date acquired | Total Checkouts | Full call number | Barcode | Date last seen | Date last checked out | Copy number | Price effective from | Koha item type |
|---|---|---|---|---|---|---|---|---|---|---|---|---|---|---|---|---|---|
| Withdrawn | Missing | Dewey Decimal Classification | Juvenile Fiction | Footprints International School Library Network Toul Tom Poung Campus | Footprints International School Library Network Toul Tom Poung Campus | TTP Primary Yellow Bookshelves | 11/24/2023 | 3 | PAR Fic PZ7.P2197 | FIS00158 | 09/04/2024 | 09/04/2024 | 1 | 11/24/2023 | Books | ||
| Dewey Decimal Classification | Juvenile Fiction | Footprints International School Library Network Toul Tom Poung Campus | Footprints International School Library Network Toul Tom Poung Campus | TTP Primary Yellow Bookshelves | 02/06/2025 | PAR Fic PZ7.P2197 | 2025-0418 | 02/06/2025 | 2 | 02/06/2025 | Books |
